<?xml version="1.0" encoding="UTF-8"?>
<record
    xmlns:xsi="http://www.w3.org/2001/XMLSchema-instance"
    xsi:schemaLocation="http://www.loc.gov/MARC21/slim http://www.loc.gov/standards/marcxml/schema/MARC21slim.xsd"
    xmlns="http://www.loc.gov/MARC21/slim">

  <leader>02523mam a2200193 a 4500</leader>
  <datafield tag="020" ind1=" " ind2=" ">
    <subfield code="a">0444885498</subfield>
  </datafield>
  <datafield tag="082" ind1="0" ind2="0">
    <subfield code="a">624.15</subfield>
    <subfield code="b">HAN</subfield>
    <subfield code="c">L-37, P-7</subfield>
  </datafield>
  <datafield tag="100" ind1="1" ind2=" ">
    <subfield code="a">Hansbo, Sven,</subfield>
    <subfield code="9">42413</subfield>
  </datafield>
  <datafield tag="245" ind1="1" ind2="0">
    <subfield code="a">Foundation engineering /</subfield>
    <subfield code="c">Sven Hansbo.</subfield>
  </datafield>
  <datafield tag="260" ind1=" " ind2=" ">
    <subfield code="a">Amsterdam ;</subfield>
    <subfield code="a">New York :</subfield>
    <subfield code="b">Elsevier,</subfield>
    <subfield code="c">1994.</subfield>
  </datafield>
  <datafield tag="300" ind1=" " ind2=" ">
    <subfield code="a">xviii, 519 p. :</subfield>
    <subfield code="b">ill. ;</subfield>
    <subfield code="c">25 cm.</subfield>
  </datafield>
  <datafield tag="490" ind1="1" ind2=" ">
    <subfield code="a">Developments in geotechnical engineering ;</subfield>
  </datafield>
  <datafield tag="505" ind1="0" ind2=" ">
    <subfield code="a">Dynamically Loaded Foundations. 2. Linear vibration theory. 3. Non-linear vibration theory. 4. The subsoil as damped spring system -- Retaining Structures. 2. Earth pressure against retaining walls. 3. Earth pressure against other structures -- Embankments and Fill on Soft Soil. 2. Loading berms. 3. Settlement. 4. Embankment piles. 5. Enforced displacement or excavation of soft soil. 6. Other means of stabilisation -- Slope Stability. 2. Circular-cylindrical failure surface. 3. Logarithmic failure surface. 4. Composite failure surface. 5. General aspects -- Excavation. 2. Dewatering. 3. Unbraced excavations. 4. Braced excavations -- Soil Improvement. 2. Shallow compaction. 3. Deep compaction. 4. Preloading. 5. Granular columns. 6. Stabilisation by admixtures. 7. Electrochemical stabilisation. 8. Soil injection. 9. Thermal improvement. 10. Reinforced soil -- Aspects of Geotechnical Design. 1. Geomechanical views. 2. Foundation requirements. 3. International codes.</subfield>
  </datafield>
  <datafield tag="505" ind1="2" ind2=" ">
    <subfield code="a">Fundamentals. 1. Structural features of soils. 2. Structural features of rock. 3. Influence of groundwater. 4. Deformation concepts. 5. Strength concepts -- Soil Classification. 1. Object. 2. Geological background. 3. Classification according to composition. 4. Classification according to geotechnical properties. 5. Discontinuities and bedding -- Rock Classification. 1. Rock identification. 2. Rock mass -- Soil Investigations. 1. Object. 2. Penetration tests. 3. Geophysical methods. 4. Pore pressure measurements. 5. Sampling. 6. Determination of deformation properties. 7. Determination of strength properties. 8. Presentation -- Spread Foundations. 2. Induced pressure distribution. 3. Bearing capacity. 4. Settlements -- Deep Foundations. 2. Piles. 3. Bearing capacity of axially loaded single piles. 4. Settlement of axially loaded single piles. 5. Laterally loaded piles. 6. Buckling of piles. 7. Pile group behaviour. 8. Piled rafts. 9. Downdrag. 10. Piers, caissons and underground walls.</subfield>
  </datafield>
  <datafield tag="526" ind1=" " ind2=" ">
    <subfield code="a">0</subfield>
    <subfield code="b">0</subfield>
    <subfield code="c">0</subfield>
    <subfield code="d">624_150000000000000_HAN</subfield>
  </datafield>
  <datafield tag="650" ind1=" " ind2="0">
    <subfield code="a">Foundations.</subfield>
    <subfield code="9">892</subfield>
  </datafield>
  <datafield tag="650" ind1=" " ind2="0">
    <subfield code="a">MCE</subfield>
    <subfield code="9">379</subfield>
  </datafield>
  <datafield tag="942" ind1=" " ind2=" ">
    <subfield code="2">ddc</subfield>
    <subfield code="c">BK</subfield>
  </datafield>
  <datafield tag="999" ind1=" " ind2=" ">
    <subfield code="c">546309</subfield>
    <subfield code="d">546309</subfield>
  </datafield>
  <datafield tag="952" ind1=" " ind2=" ">
    <subfield code="0">0</subfield>
    <subfield code="1">0</subfield>
    <subfield code="2">ddc</subfield>
    <subfield code="4">0</subfield>
    <subfield code="7">0</subfield>
    <subfield code="a">MCE</subfield>
    <subfield code="b">MCE</subfield>
    <subfield code="d">2014-06-06</subfield>
    <subfield code="l">0</subfield>
    <subfield code="o">624.15 HAN</subfield>
    <subfield code="p">MCE-28697</subfield>
    <subfield code="r">2014-06-06</subfield>
    <subfield code="w">2014-06-06</subfield>
    <subfield code="y">BK</subfield>
  </datafield>
</record>
